000 00454 a2200121 4500
001 ART_23458
005 20260410161918.0
008 260409a
245 1 0 _aLa exposición del patrimonio neto en el balance de transición a NIIF
100 1 _aMarcolini, Silvana Beatríz
700 1 _aVerón, Carmen S.
773 0 _tDocumentos de trabajo de contabilidad, auditoría y responsabilidad social
_g- Año 3, Nº 6 (dic. 2013)
_wREV14385
999 _c27462
_d27462